PHARMACEUTICAL MICROBIOLOGY PRACTICAL TEXT- AS PER PCI REGULATIONS FOR B PHARMACY & D PHARM (Record no. 8973)

MARC details
000 -LEADER
fixed length control field 00542nam a22001697a 4500
005 - DATE AND TIME OF LATEST TRANSACTION
control field 20251127175633.0
008 - FIXED-LENGTH DATA ELEMENTS--GENERAL INFORMATION
fixed length control field 251124b |||||||| |||| 00| 0 eng d
020 ## - INTERNATIONAL STANDARD BOOK NUMBER
ISBN 978-81-938138-6-7
041 ## - LANGUAGE CODE
Language code of text/sound track or separate title eng
082 ## - DEWEY DECIMAL CLASSIFICATION NUMBER
Classification number 616.9 TYA-P
100 ## - MAIN ENTRY--AUTHOR NAME
Personal name TYAGI, DR NIDHI AND KATIYAR, DR. PRASHANT KUMAR & KUMAR, DR. PRASHANT
245 ## - TITLE STATEMENT
Title PHARMACEUTICAL MICROBIOLOGY PRACTICAL TEXT- AS PER PCI REGULATIONS FOR B PHARMACY & D PHARM
260 ## - PUBLICATION, DISTRIBUTION, ETC. (IMPRINT)
Place of publication HYDERABAD
Name of publisher TAURUS PUBLISHERS
300 ## - PHYSICAL DESCRIPTION
Number of Pages 126;P
650 ## - SUBJECT ADDED ENTRY--TOPICAL TERM
Topical Term PHARMACY
General subdivision D.PHARMA
942 ## - ADDED ENTRY ELEMENTS (KOHA)
Koha item type Books
Holdings
Lost status Damaged status Collection code Home library Current library Shelving location Date acquired Source of acquisition Cost, normal purchase price Full call number Accession Number Koha item type
    PHARMACY JRU Library JRU Library SHELF-3-E 14/11/2025 PURCHASE 249.00 616.9 29084 Books